| 000 | 01704nam a2200517 i 4500 | ||
|---|---|---|---|
| 001 | 53528 | ||
| 003 | KOSZ 005 | ||
| 005 | 20200715115624.0 | ||
| 008 | 070627s2007 pl d |001 0 pol | ||
| 015 | _aUWD 2007/18679 | ||
| 020 | _a9788301150730 | ||
| 035 | _a991034606249705066 | ||
| 035 | _a(PL-WaBN)b19316124-48omnis_nlop | ||
| 035 | _ab19316124 | ||
| 035 | _a(OCoLC)749448734 | ||
| 035 | _a(PL)b0000001931612 | ||
| 035 | _a(EXLNZ-48OMNIS_NETWORK)9910410758905606 | ||
| 040 |
_aWA N _cWA N _dKOSZ 005/HR |
||
| 080 | _a613.2 | ||
| 080 | _a612.3 | ||
| 080 | _a(038) | ||
| 100 | 1 |
_aGertig, Henryk _d(1924-2011) _eAutor |
|
| 245 | 1 | 0 |
_aŻywienie człowieka : _bsłownik terminologiczny / _cHenryk Gertig, Jan Gawęcki. |
| 250 | _aWyd. 2 zm. | ||
| 260 |
_aWarszawa : _bWydawnictwo Naukowe PWN, _c2007. |
||
| 300 |
_aXII, 150, [2] s. ; _c24 cm. |
||
| 336 |
_aTekst _btxt _2rdacontent |
||
| 337 |
_aBez urządzenia pośredniczącego _bn _2rdamedia |
||
| 338 |
_aWolumin _bnc _2rdacarrier |
||
| 380 | _aKsiążki | ||
| 380 | _aPublikacje fachowe | ||
| 380 | _aPublikacje informacyjne | ||
| 388 | _a2001- | ||
| 504 | _aBibliogr. s. 131-132. Indeks. | ||
| 650 | 7 |
_aOdżywianie _2DBN |
|
| 650 | 7 | _aTerminologia | |
| 650 | 2 | _aFizjologia człowieka | |
| 655 | 7 |
_aSłownik języka polskiego _2DBN |
|
| 655 | 7 |
_aSłownik terminologiczny _2DBN |
|
| 658 | _aMedycyna i zdrowie | ||
| 700 | 1 |
_aGawęcki, Jan _d(1944- ) _eAutor |
|
| 710 | 2 |
_aWydawnictwo Naukowe PWN _4pbl |
|
| 856 |
_uhttp://koha.tu.koszalin.pl/cgi-bin/koha/opac-detail.pl?biblionumber=53528 _yKatalog online BPK |
||
| 942 |
_2UKD _cKS |
||
| 999 |
_c53528 _d53528 |
||